000 00653nam a2200241 a 4500
001 0000417
003 DO-SdBNP
005 20160616145711.0
007 0000417
008 091125s1979 sp a 000 0 spa d
020 _a8473740602
040 _aBPMSU
_bspa
_cBPMSU
100 _aRutland, Jonathan
245 1 0 _aSuperautos /
_cJonathan Rutland ; adaptado por Antonio Zorita García
260 _aPinto (Madrid) :
_bLagos,
_c1979.
300 _a32 p. :
_bil. ;
_c28 cm.
490 1 _aEl joven ingeniero
700 1 _aZorita García, Antonio
830 0 _aEl joven ingeniero
910 _a
942 _2ddc
_cBK
956 _aYngrid Lockward
_b10
999 _c10420
_d10420